|
|
|
|
| LEADER |
00000nkm a2200000 a 4500 |
| 001 |
vtls011788198 |
| 003 |
SK-MaSNL |
| 005 |
20260426003408.0 |
| 007 |
kf bo |
| 008 |
240409s1997 xo g kuslo |
| 035 |
|
|
|a urn:nbn:sk:snk-km00ecdu
|
| 035 |
|
|
|a urn:nbn:sk:snk-km43esf
|
| 035 |
|
|
|a 39F4CA8F-BBDF-4964-91AD-9D206D4F1877
|
| 040 |
|
|
|a SNK
|b slo
|c SNK
|e AACR2
|
| 041 |
0 |
|
|a slo
|
| 043 |
|
|
|a e-xo---
|
| 044 |
|
|
|a xo
|c SK
|
| 072 |
|
7 |
|a 394
|x Verejný a spoločenský život. Každodenný život
|2 konspekt
|
| 072 |
|
7 |
|a 929
|x Biografie
|2 konspekt
|
| 080 |
|
|
|a 394.46
|2 2011
|
| 080 |
|
|
|a (084.5)
|2 2011
|
| 080 |
|
|
|a 929
|2 2011
|
| 245 |
0 |
0 |
|a Tranoscius
|b propagačný plagát
|h grafika
|
| 260 |
|
|
|a Martin
|b Matica slovenská
|c 1991
|
| 300 |
|
|
|a 1 plagát
|b dvojfarebný; v hornej časti veľké tlačené písmeno T má po ľavej strane celý názov Tranoscius, dole textové informácie čiernym písmom
|c 61 x 43 cm
|
| 648 |
|
7 |
|a 1896-1996
|2 SNKPH
|9 286313
|
| 650 |
0 |
7 |
|a spoločenské podujatie
|2 SNKPH
|9 347181
|
| 651 |
|
7 |
|a Slovensko
|2 SNKPH
|9 14231
|
| 655 |
|
7 |
|a plagáty
|2 SNKPH
|9 70571
|
| 852 |
|
|
|a Slovenská národná knižnica v Martine
|
| 958 |
|
|
|a CP
|
| 999 |
|
|
|c 944070
|d 946000
|
| 952 |
|
|
|a SNKLM
|b SNKLM
|y PREZ
|7 0
|p 17A1262211
|o snklm L 1804
|i snklm 102/91
|8 7
|0 0
|1 0
|4 0
|d 2018-10-29
|f 1
|l 0
|r 2026-02-24 09:28:38
|w 2026-02-24
|